Counties and county seats of the Kingdom of Hungary (1881-1918) - Statistics

General Stats
  • This quiz has been taken 421 times
  • The average score is 74 of 142
Answers on the Map
Answers color-coded by a green-red scale on the quiz's map according to % correct below.
 
Answer Stats
Answer % Correct
Budapest
92%
Pozsony
86%
Győr
82%
Sopron
81%
Vas
80%
Moson
78%
Zágráb
78%
Bihar
77%
Fejér
77%
Komárom
77%
Veszprém
77%
Esztergom
76%
Komárom
76%
Zala
76%
Debrecen
75%
Kassa
75%
Pozsony
75%
Somogy
75%
Arad
74%
Baranya
74%
Hajdú
74%
Zemplén
74%
Heves
73%
Kolozsvár
73%
Nógrád
73%
Nyitra
73%
Pécs
73%
Szatmár
73%
Tolna
73%
Békés
72%
Csongrád
72%
Bereg
71%
Borsod
71%
Szabolcs
71%
Szolnok
71%
Ung
71%
Székesfehérvár
70%
Temes
69%
Temesvár
69%
Brassó
68%
Eger
68%
Miskolc
68%
Nyitra
67%
Kolozs
66%
Nagyvárad
66%
Szombathely
66%
Nyíregyháza
65%
Csanád
64%
Csík
64%
Ungvár
64%
Zalaegerszeg
64%
Brassó
62%
Kaposvár
62%
Magyaróvár
61%
Trencsén
61%
Jász-Nagykun-Szolnok
60%
Eszék
59%
Trencsén
58%
Beszterce
55%
Eperjes
55%
Hont
55%
Máramaros
55%
Hunyad
54%
Gyula
53%
Szekszárd
53%
Csíkszereda
51%
Árva
50%
Liptó
49%
Pest-Pilis-Solt-Kiskun
49%
Abaúj-Torna
48%
Marosvásárhely
48%
Besztercebánya
47%
Háromszék
47%
Sáros
47%
Torontál
47%
Szeben
45%
Torda
45%
Varasd
45%
Szepes
44%
Ugocsa
44%
Bács-Bodrog
43%
Balassagyarmat
43%
Beregszász
42%
Gömör és Kishont
42%
Makó
42%
Szerém
42%
Zólyom
42%
Fogaras
41%
Nagyszeben
41%
Turóc
40%
Déva
38%
Nagy-Küküllő
38%
Kis-Küküllő
37%
Krassó-Szörény
37%
Bars
36%
Pozsega
36%
Sátoraljaújhely
36%
Sepsiszentgyörgy
36%
Szilágy
36%
Székelyudvarhely
35%
Máramarossziget
34%
Szentes
33%
Beszterce-Naszód
32%
Liptószentmiklós
32%
Turócszentmárton
32%
Udvarhely
32%
Belovár
30%
Zilah
30%
Zombor
30%
Maros-Torda
29%
Szolnok-Doboka
29%
Torda-Aranyos
29%
Verőce
29%
Alsó-Fehér
27%
Ipolyság
26%
Modrus-Fiume
26%
Lika-Korbava
25%
Nagykároly
25%
Vukovár
25%
Rimaszombat
24%
Nagyszőlős
23%
Alsókubin
21%
Belovár-Kőrös
21%
Lőcse
20%
Segesvár
20%
Aranyosmarót
18%
Nagybecskerek
16%
Lugos
15%
Dés
14%
Goszpics
14%
Ogulin
13%
Dicsőszentmárton
12%
Nagyenyed
10%
No matching quizzes found
Score Distribution
Percent of People with Each Score
Percentile by Number Answered
Your Score History
You have not taken this quiz